Educational psychology (Record no. 2194)

000 -LEADER
fixed length control field nam a22 a 4500
005 - DATE AND TIME OF LATEST TRANSACTION
control field 20170515152504.0
008 - FIXED-LENGTH DATA ELEMENTS--GENERAL INFORMATION
fixed length control field 170515s1983 xxua |b 001 | eng d
020 ## - INTERNATIONAL STANDARD BOOK NUMBER
International Standard Book Number 087581283X
040 ## - CATALOGING SOURCE
Original cataloging agency AKMAL
082 ## - DEWEY DECIMAL CLASSIFICATION NUMBER
Classification number 370.15 HUD
090 ## - LOCALLY ASSIGNED LC-TYPE CALL NUMBER (OCLC); LOCAL CALL NUMBER (RLIN)
Classification number (OCLC) (R) ; Classification number, CALL (RLIN) (NR) 370.15
Local cutter number (OCLC) ; Book number/undivided call number, CALL (RLIN) HUD
245 ## - TITLE STATEMENT
Title Educational psychology
Statement of responsibility, etc. Bryce B. Hudgins ... [et al.].
260 ## - PUBLICATION, DISTRIBUTION, ETC.
Place of publication, distribution, etc. Itasca, Ill. :
Name of publisher, distributor, etc. F.E. Peacock Publishers,
Date of publication, distribution, etc. 1983
300 ## - PHYSICAL DESCRIPTION
Extent 690pg,;
Dimensions 30 cm
650 ## - SUBJECT ADDED ENTRY--TOPICAL TERM
Topical term or geographic name entry element Educational psychology.
9 (RLIN) 1289
942 ## - ADDED ENTRY ELEMENTS (KOHA)
Source of classification or shelving scheme
Koha item type Book
Holdings
Withdrawn status Lost status Source of classification or shelving scheme Damaged status Not for loan Collection code Home library Current library Shelving location Date acquired Inventory number Total Checkouts Full call number Barcode Date last seen Price effective from Koha item type
          NON-FICTION AKMAL Melaka AKMAL Melaka PINJAMAN 15.05.2017 300614   370.15 HUD 201706582 15.05.2017 15.05.2017 Book
Pusat Sumber Maklumat Dato' Haji Sarmin Md Hussin, Akademi Kastam Diraja Malaysia, Melaka
Tel: 06-2331106 | Faks: 06-2313787